[Event "GER-chT11-B2 email"]
[Site "GER email"]
[Date "2015.10.15"]
[Round "?.3"]
[White "Skowronek, Juergen"]
[Black "Schueppen, Heinz"]
[Result "0-1"]
[WhiteElo "2028"]
[BlackElo "2404"]
[PlyCount "112"]
[EventDate "2015.??.??"]
[EventType "tourn (corr)"]
[EventRounds "8"]
[EventCountry "GER"]
[SourceTitle "Corr 2017"]
[Source "ChessBase"]
[SourceDate "2017.09.19"]
[SourceVersion "1"]
[SourceVersionDate "2017.09.19"]
[SourceQuality "1"]
[WhiteTeam "Koenigskinder"]
[BlackTeam "Schachfreunde Schlebusch"]

1. d4 d5 2. c4 c6 3. Nf3 Nf6 4. Nc3 dxc4 5. a4 Bf5 6. Ne5 Nbd7 7. Nxc4 Nb6 8. Ne5 a5 9. f3 Nfd7 10. Nxd7 Nxd7 11. e4 Bg6 12. Be2 e6 13. 0-0 Bb4 14. Be3 0-0 15. Qb3 Qc7 16. Rac1 Rfe8 17. Rfd1 Rad8 18. g3 h6 19. Nb5 Qb8 20. Na3 f5 21. e5 Nb6 22. Nc2 Nd5 23. Nxb4 Nxb4 24. Rc4 Nd5 25. Bd2 Qc7 26. Rc5 b6 27. Rc4 Rc8 28. Bd3 Red8 29. Rcc1 Be8 30. Be2 c5 31. Be1 Rb8 32. Qa3 f4 33. Bf2 Qb7 34. Bd3 Ne3 35. Be4 Bc6 36. Bxe3 Bxe4 37. fxe4 fxe3 38. Qxe3 cxd4 39. Rxd4 b5 40. b3 bxa4 41. Rxa4 Qxb3 42. Qxb3 Rxb3 43. Rxa5 Rd2 44. Ra6 Rbb2 45. h4 Rg2+ 46. Kh1 Rxg3 47. Rxe6 Rg4 48. h5 Rxe4 49. Re7 Kh7 50. Kg1 Ree2 51. e6 Re5 52. Kf1 Rxh5 53. Kg1 Rg5+ 54. Kf1 Rf5+ 55. Kg1 Rb4 56. Kg2 Rg4+ 0-1

[Event "GER-chT11-B2 email"]
[Site "GER email"]
[Date "2015.10.15"]
[Round "?.3"]
[White "Volkmer, Andreas"]
[Black "Schueppen, Heinz"]
[Result "1/2-1/2"]
[WhiteElo "2385"]
[BlackElo "2404"]
[PlyCount "53"]
[EventDate "2015.??.??"]
[EventType "tourn (corr)"]
[EventRounds "8"]
[EventCountry "GER"]
[SourceTitle "Corr 2017"]
[Source "ChessBase"]
[SourceDate "2017.09.19"]
[SourceVersion "1"]
[SourceVersionDate "2017.09.19"]
[SourceQuality "1"]
[WhiteTeam "SV Berolina Mitte II"]
[BlackTeam "Schachfreunde Schlebusch"]

1. e4 e6 2. d4 d5 3. Nd2 Be7 4. Ngf3 Nf6 5. Bb5+ Bd7 6. Bd3 dxe4 7. Nxe4 Nxe4 8. Bxe4 Bc6 9. Bd3 Qd6 10. c3 Nd7 11. 0-0 0-0 12. Re1 Bd5 13. Ne5 Nxe5 14. dxe5 Qb6 15. b4 f5 16. c4 Be4 17. Be3 Qxb4 18. Bxe4 Rad8 19. Qc2 fxe4 20. Reb1 Qa5 21. Rb5 Qa6 22. Qxe4 c6 23. Rb2 Rf7 24. Rab1 Ba3 25. Rb3 Rdd7 26. Qg4 Bf8 27. Qxe6 1/2-1/2

[Event "GER-chT11-B2 email"]
[Site "GER email"]
[Date "2015.09.29"]
[Round "?"]
[White "Schueppen, Heinz"]
[Black "Rott, Georg"]
[Result "1-0"]
[WhiteElo "2231"]
[BlackElo "2023"]
[PlyCount "69"]
[EventDate "2015.??.??"]
[EventType "tourn (corr)"]
[EventRounds "8"]
[EventCountry "GER"]
[SourceTitle "Corr 2022"]
[Source "ChessBase"]
[SourceDate "2021.10.24"]
[SourceVersion "1"]
[SourceVersionDate "2021.10.24"]
[SourceQuality "1"]

1. e4 e6 2. d4 d5 3. Nc3 Bb4 4. e5 c5 5. a3 Bxc3+ 6. bxc3 Ne7 7. Qg4 0-0 8. Bd3 Nbc6 9. Qh5 Ng6 10. Nf3 Qc7 11. Be3 c4 12. Bxg6 fxg6 13. Qg4 b5 14. h4 Rf5 15. Qh3 h6 16. g4 Rf8 17. h5 g5 18. Nxg5 hxg5 19. h6 gxh6 20. Bxg5 Qh7 21. Bf6 Kf7 22. Kd2 Ke8 23. Qxh6 Qxh6+ 24. Rxh6 Ne7 25. Rh7 Rf7 26. Rah1 Rxh7 27. Rxh7 Ng8 28. g5 Rb8 29. g6 a5 30. Bg5 Ba6 31. f4 Rb7 32. Ke3 Kf8 33. Bf6 Ne7 34. Rh8+ Ng8 35. f5 1-0

[Event "GER-chT10 LJ-22 Br03 email"]
[Site "GER email"]
[Date "2013.10.04"]
[Round "?"]
[White "Schueppen, Heinz"]
[Black "Traut, Gerhard"]
[Result "1/2-1/2"]
[WhiteElo "2253"]
[BlackElo "1910"]
[PlyCount "78"]
[EventDate "2013.10.15"]
[EventType "tourn (corr)"]
[EventRounds "8"]
[EventCountry "GER"]
[SourceTitle "Corr 2020"]
[Source "ChessBase"]
[SourceDate "2019.09.30"]
[SourceVersion "1"]
[SourceVersionDate "2019.09.30"]
[SourceQuality "1"]

1. d4 d5 2. c4 c6 3. Nf3 Nf6 4. e3 e6 5. b3 c5 6. Bb2 cxd4 7. exd4 Bb4+ 8. Nbd2 dxc4 9. bxc4 0-0 10. Bd3 b6 11. 0-0 Bb7 12. a3 Be7 13. Re1 Nbd7 14. a4 Re8 15. Re3 g6 16. Qb3 Rb8 17. h3 Bf8 18. Bc3 Bg7 19. Qb2 Qc7 20. Rb1 Rec8 21. Qa3 Ne8 22. a5 Bxf3 23. Nxf3 Nd6 24. Nd2 b5 25. c5 a6 26. Rbe1 Ne8 27. Nf3 Nef6 28. Bd2 Re8 29. Bc2 Nd5 30. R3e2 Rbd8 31. Bb3 Nb8 32. Bg5 Nc6 33. Bxd8 Rxd8 34. Qb2 b4 35. Rxe6 fxe6 36. Rxe6 Nxd4 37. Nxd4 Qf4 38. Bxd5 Rxd5 39. Qb3 Qc1+ 1/2-1/2